Kerjaya untuk orang kurang upaya

Bibliographic Details
Main Author: Zinaida Ariffin
Corporate Author: Title
Format: Book
Published: Pahang : PTS Professional Publishing , 2006
Series:Siri pendidikan kerjaya
Subjects:

MARC

LEADER 00000cam a2200000 7i4500
001 0000012069
005 20080128.0
008 071126
020 |a 9833376835 
090 0 0 |a 331.7020087   |b ZIN 
100 0 |a Zinaida Ariffin 
245 1 0 |a Kerjaya untuk orang kurang upaya   |c Zinaida Ariffin 
260 |a Pahang :   |b PTS Professional Publishing ,   |c 2006 
440 |a Siri pendidikan kerjaya 
650 0 |a Employment agencies 
650 0 |a Malay fiction 
650 0 |a People with disabilities   |x Employment 
650 0 |a People with disabilities   |x Vocational guidance 
710 0 |a Title 
999 |a 0000933044   |b Book   |c Adult Collection   |e Cawangan Tangkak 
999 |a 0000936525   |b Book   |c Adult Collection   |e Cawangan Bandar Tenggara 
999 |a 0001004232   |b Book   |c Adult Collection   |e Perbadanan Perpustakaan Awam Johor 
999 |a 0001010419   |b Book   |c Adult Collection   |e Cawangan Bukit Gambir 
999 |a 0001010420   |b Book   |c Adult Collection   |e Cawangan Mersing 
999 |a 0001010421   |b Book   |c Adult Collection   |e Cawangan Mersing 
999 |a 0001010422   |b Book   |c Adult Collection   |e Cawangan Muar 
999 |a 0001010423   |b Book   |c Adult Collection   |e Cawangan Bukit Gambir